00451nam a22001577a 450000500170000000800410001702000150005804100130007308200150008610000240010124500350012525000190016026000570017930000320023665000250026820240111064853.0240111b |||||||| |||| 00| 0 eng d a0409037311 aEnglish  a346.2 KER  aKerr, AJ lEnglish  aThe Law of Agency / cAJ Kerr  aThird Edition  aDurban : bButterworth Publishers (Pty) Ltd, c1991  bxiii, 386 pages ; c25 cm.  aLegal practice bLaw